Guess the members from 50 Kpop Girl Groups - Statistics

General Stats
  • This quiz has been taken 539 times
  • The average score is 128 of 268
Answer Stats
Hint Answer % Correct
StayC J
99%
Aespa Karina
94%
Twice Momo
94%
Itzy Yeji
94%
Itzy Yuna
94%
Aespa Giselle
93%
BlackPink Jennie
93%
BlackPink Jisoo
93%
BlackPink Lisa
93%
Aespa Ningning
93%
BlackPink Rose
93%
Twice Sana
93%
Aespa Winter
93%
Twice Nayeon
91%
Twice Mina
90%
IZ*ONE | Le Sserafim Sakura
90%
EVERGLOW E:U
89%
Itzy Lia
89%
Twice Tzuyu
89%
IZ*ONE | Le Sserafim Chaewon
88%
Fromis_9 Chaeyoung
88%
Rocket Punch | TripleS, LOVElution, Aria | Twice Dahyun
88%
NewJeans Danielle
88%
Twice Jihyo
88%
Itzy Ryujin
88%
IVE | IZ*ONE Wonyoung
88%
NewJeans Hanni
87%
NMIXX Lily
87%
(G)I-DLE Minnie
87%
(G)I-DLE Yuqi
86%
Itzy Chaeryeong
85%
Twice Chaeyoung
85%
Red Velvet Irene
85%
Le Sserafim Kazuha
85%
NewJeans Minji
85%
Le Sserafim Yunjin
85%
(G)I-DLE Soyeon
84%
IVE | IZ*ONE | Kep1er Yujin
83%
Le Sserafim Eunchae
82%
Twice Jeongyeon
82%
NewJeans Haerin
81%
Red Velvet Joy
81%
IVE Liz
81%
(G)I-DLE Miyeon
81%
IVE Rei
81%
Red Velvet Seulgi
81%
Red Velvet Wendy
81%
(G)I-DLE Shuhua
80%
ILLIT Wonhee
80%
NewJeans Hyein
79%
KissOfLife Natty
79%
BABYMONSTER Ahyeon
78%
Mamamoo Hwasa
78%
KissOfLife Belle
77%
IVE Gaeul
77%
KissOfLife Julie
77%
ILLIT | IZ*ONE Minju
77%
IVE Leeseo
76%
Red Velvet Yeri
76%
NMIXX Bae
75%
BABYMONSTER Asa
74%
NMIXX Haewon
74%
BABYMONSTER Chiquita
73%
ILLIT Moka
73%
Solo (Ex LOONA) Chuu
72%
ILLIT Iroha
72%
NMIXX Sullyoon
72%
NMIXX Jiwoo
71%
TripleS, +(KR)ystal Eyes,ACID EYES, EVOlution, Aria JiWoo
71%
BABYMONSTER Ruka
71%
Mamamoo Solar
71%
NMIXX Kyujin
70%
IZ*ONE | SNSD Yuri
69%
KissOfLife Haneul
68%
StayC Yoon
68%
ILLIT Yunah
68%
IZ*ONE Chaeyeon
67%
TripleS, +(KR)ystal Eyes,ACID EYES, EVOlution, Aria ChaeYeon
67%
BABYMONSTER Pharita
67%
BABYMONSTER Rami
67%
BABYMONSTER Rora
65%
Mamamoo Moonbyul
64%
IZ*ONE Yena
63%
SNSD Taeyeon
60%
Mamamoo Wheein
60%
Solo (Ex LOONA) Yves
59%
2NE1 CL
58%
IZ*ONE Eunbi
58%
Cherry Bullet | RESCENE May
56%
SNSD | UNIS Yoona
53%
StayC Isa
52%
Odd Eye Circle, ARTMS (Ex LOONA) Kim Lip
52%
Kep1er Bahiyyih
51%
Odd Eye Circle, ARTMS (Ex LOONA) Choerry
51%
XG Cocona
51%
SNSD Tiffany
51%
Kep1er Xiaoting
51%
IZ*ONE Hitomi
50%
BILLLIE Tsuki
50%
GFriend | Viviz Eunha
49%
Loossemble (Ex LOONA) Hyunjin
49%
StayC Sieun
49%
GFriend | Viviz SinB
49%
SNSD Sunny
48%
Loossemble (Ex LOONA) ViVi
48%
2NE1 Bom
47%
Black Swan Fatou
47%
Odd Eye Circle, ARTMS (Ex LOONA) Heejin
47%
Kep1er Hikaru
47%
IZ*ONE Nako
47%
Kep1er Mashiro
46%
EVERGLOW Mia
46%
StayC Seeun
46%
StayC Sumin
46%
GFriend | Viviz Umji
46%
XG Harvey
44%
BILLLIE Moon Sua
44%
ARTMS (Ex LOONA) Haseul
43%
Loossemble (Ex LOONA) HyeJu
43%
SNSD Hyoyeon
43%
DREAMCATCHER Dami
42%
Loossemble (Ex LOONA) Go Won
42%
IZ*ONE Hyewon
42%
Odd Eye Circle, ARTMS (Ex LOONA) Jinsoul
42%
Loossemble (Ex LOONA) Yeojin
42%
EVERGLOW Aisha
41%
Kep1er Dayeon
41%
XG Jurin
41%
NiziU | XG Maya
41%
Kep1er Yeseo
41%
EVERGLOW Yiren
41%
Cherry Bullet | GFriend Yuju
41%
EVERGLOW Onda
40%
LIGHTSUM Hina
39%
DREAMCATCHER SuA
39%
2NE1 Dara
37%
Fromis_9 | TripleS, +(KR)ystal Eyes,ACID EYES, LOVElution Seoyeon
37%
SNSD Sooyoung
37%
Kep1er Chaehyun
36%
XG Hinata
36%
XG Juria
36%
DREAMCATCHER JiU
35%
GFriend Sowon
35%
TripleS, AAA, ACID EYES, EVOlution Nakyoung
34%
SNSD Seohyun
34%
EVERGLOW Sihyeon
34%
Wonder Girls Sunmi
34%
GFriend Yerin
34%
Cherry Bullet | Fromis_9 Jiwon
33%
DREAMCATCHER Siyeon
33%
Kep1er Youngeun
33%
XG Chisa
32%
TripleS, EVOlution Kotone
32%
TripleS, EVOlution Mayu
32%
Wonder Girls Yubin
32%
TripleS, AAA, ACID EYES, LOVElution YuBin
32%
UNIS Gehlee
31%
PURPLE KISS Swan
31%
TripleS, LOVElution Xinyu
31%
PURPLE KISS Yuki
31%
DREAMCATCHER Handong
30%
TripleS, AAA, ACID EYES, LOVElution HyeRin
30%
Fromis_9 Saerom
29%
UNIS Seowon
29%
TripleS, LOVElution SoHyun
29%
TripleS, AAA, ACID EYES, EVOlution YooYeon
29%
TripleS, LOVElution, Aria Nien
28%
DREAMCATCHER YooHyeon
28%
DREAMCATCHER Gahyeon
27%
TRI.BE Jia
27%
Fromis_9 Jiheon
27%
TripleS, LOVElution, Aria Kaede
27%
TripleS, NXT Lynn
27%
Fromis_9 Hayoung
26%
YOUNG POSSE Jieun
26%
BILLLIE Haram
25%
TripleS, Glow JiYeon
25%
BILLLIE Haruna
24%
TripleS, NXT HaYeon
24%
Fromis_9 Jisun
24%
Fromis_9 Nagyung
24%
TripleS, Glow SeoAh
24%
TripleS, NXT ShiOn
24%
TripleS, Glow Sullin
24%
TripleS, EVOlution YeonJi
24%
Black Swan Gabi
23%
UNIS Kotoko
23%
BILLLIE Sheon
23%
TripleS, +(KR)ystal Eyes,ACID EYES, EVOlution Soomin
23%
PURPLE KISS Goeun
22%
TripleS, NXT JooBin
22%
BILLLIE Suhyeon
22%
PURPLE KISS Chaein
21%
YOUNG POSSE Doeun
21%
UNIS Nana
21%
BILLLIE Siyoon
21%
PURPLE KISS Dosie
20%
UNIS Elisia
20%
PURPLE KISS Ireh
20%
NiziU Nina
20%
YOUNG POSSE Sunhye
20%
YOUNG POSSE Jiana
19%
Black Swan Sriya
19%
AOA Seolhyun
18%
YOUNG POSSE Yeonjung
18%
UNIS Yunha
18%
RESCENE Liv
17%
NiziU Mako
17%
Rocket Punch Sohee
17%
RESCENE Woni
17%
Cherry Bullet Bora
16%
LIGHTSUM Nayoung
16%
Black Swan Nvee
16%
TRI.BE Soeun
16%
RESCENE Zena
16%
NiziU Ayaka
15%
LIGHTSUM Chowon
15%
UNIS Hyeonju
15%
RESCENE Minami
15%
NiziU Riku
15%
NiziU Rima
15%
NiziU Rio
15%
NiziU Mayuka
14%
NiziU Miihi
14%
Weki Meki Elly
13%
TRI.BE Kelly
13%
Weki Meki Lucy
13%
Weki Meki Rina
13%
Weki Meki Sei
13%
Cherry Bullet Chaerin
12%
TRI.BE Mire
12%
TRI.BE Songsun
12%
Wonder Girls Yeeun
12%
AOA Chanmi
11%
TRI.BE Hyunbin
11%
LIGHTSUM Juhyeon
11%
Weki Meki Lua
11%
Cherry Bullet Remi
11%
LIGHTSUM Sangah
11%
Rocket Punch Yeonhee
11%
LIGHTSUM Yujeong
11%
Cherry Bullet Haeyoon
10%
AOA Hyejeong
10%
Rocket Punch Suyun
9%
Rocket Punch Yunkyoung
8%
TripleS, Glow ChaWon
6%
Wonder Girls Hyelim
6%
Weki Meki Kim Doyeon
5%
Weki Meki Choi Yoojung
4%
Weki Meki Ji Suyeon
4%
No matching quizzes found
Score Distribution
Percent of People with Each Score
Percentile by Number Answered
Your Score History
You have not taken this quiz